LIBRARY & INFORMATION CENTRE, KCAET, TAVANUR

ONLINE PUBLIC ACCESS CATALOGUE (OPAC)

Chambers` technical dictionary / (Record no. 9215)

MARC details
000 -LEADER
fixed length control field 00471cam a2200193ua 4500
041 ## - LANGUAGE CODE
Language code of text/sound track or separate title eng
082 ## - DEWEY DECIMAL CLASSIFICATION NUMBER
Classification number 028.736
Item number TWE/CH
100 ## - MAIN ENTRY--AUTHOR NAME
Personal name Tweney, C F .
245 00 - TITLE STATEMENT
Title Chambers` technical dictionary /
250 ## - EDITION STATEMENT
Edition statement 3 /
260 ## - PUBLICATION, DISTRIBUTION, ETC. (IMPRINT)
Place of publication London :
Name of publisher W & R Chambers Ltd ,
Year of publication 1961.
300 ## - PHYSICAL DESCRIPTION
Number of Pages 1028 ; .
700 1# - ADDED ENTRY--PERSONAL NAME
Personal name Highes, L E C .
942 ## - ADDED ENTRY ELEMENTS (KOHA)
Koha item type Books
Holdings
Withdrawn status Lost status Damaged status Home library Current library Date acquired Full call number Accession Number Koha item type
      KAUAET KAUAET 07/04/2012 028.736 3184  
free website counter